000 00676nam a2200205Ii 4500
003 JO-AjNU
008 230605s9999||||xx |||||||||||||| ||und||
040 _aJO-AjNU
_bara
_erda
_cJO-AjNU
041 _aara
050 1 4 _aDS37.7.N82 1996
100 3 _aنويهض، وليد,
_eauthor
_935461
245 0 0 _aالمفكرون العرب ومنهج كتابة التاريخ: عروض ومناقشة
250 _aط1
264 3 1 _aبيروت: دار ابن حزم، 1996
300 _a192ص
336 _atext
_btxt
_2rdacontent
337 _aunmediated
_bn
_2rdamedia
338 _avolume
_bnc
_2rdacarrier
650 4 _aبحث تاريخي ، تاريخ- فلسفة
_935462
999 _aA14644
_c18212
_d18212